| 000 | 00471nam a2200169 4500 | ||
|---|---|---|---|
| 999 |
_c169084 _d169084 |
||
| 005 | 20191105121921.0 | ||
| 010 | _aENG-126818 | ||
| 020 | _c450.00 | ||
| 035 | _aEN-110350 | ||
| 037 | _bDBAD/PUB | ||
| 082 | _a881 | ||
| 245 |
_aClassic poems / _ced.by Sunil Gupta |
||
| 260 |
_a Delhi _bMukund Publication _c2019 |
||
| 270 |
_aE-11/5, Krishna Nagar, Delhi _e110051 _k7065961628, 9350345268 |
||
| 300 |
_a151p. _c22cm(Hb) |
||
| 942 |
_2ddc _cEN _h881 _mCLA |
||